000 00724nam a22001697a 4500
003 CEME
005 20210628201825.0
008 210222b xxu||||| |||| 00| 0 eng d
020 _a0-08-034760-6
040 _c.
082 _a623-BRA ELS
100 _aElsam, M.B.Group Captain
_956967
245 _aAir defence, brassey's air power aircraft weapons systems and technology
260 _aLONDON
_bBRASSEY'S
_c1989
650 _aBRASSEY'S AIR POWER, BRASSEY'S AIRCRAFT WEAPONS SYSTEMS, BRASSEY'S AIR DEFENCE SYSTEMS, BRASSEY'S AIR DEFENCE BATTLE, BRASSEY'S EARLY WARNING SYSTEMS, BRASSEY'S AIR DEFENCE AIRCRAFT, BRASSEY'S SURFACE TO AIR DEFENCE, BRASSEY'S COMMAND AND CONTROL, AIR DEFENCE-FUTURE
_956968
942 _cBK
_2ddc
999 _c567290
_d567290